000 00464nam a2200181Ia 4500
001 2287
005 20260306144755.0
008 260306t2017||||xx |||||||||||||| ||spa||
041 _aESP
082 _a616.855
_bP43
100 _aPeriáñez, José Antonio
_eAUT
245 0 _aGuía de intervención logopédica en las funciones ejecutivas
260 _c2017
300 _a280 páginas :
_c22 cm.
650 _aGEN
654 _aCPS
942 _cLIB
_dJUS
_fJUS
_2ddc
_n
999 _c2287
_d2287